000
00414nam a2200205Ia 4500
003
IT-RoPAU
008
120407s9999 xx 000 0 und d
040
_a
IT-RoPAU
040
_c
IT-RoPAU
041
_a
ita
100
_a
Giacomo Alberione
245
_a
San Paolo
250
_a
Roma
260
_a
Casa Generalizia SSP
260
_c
1961
300
_c
cm
490
_v
1
942
_c
BK
999
_c
23579
_d
23579